[Event "WC-2013-Q-00010"]
[Site "LSS email"]
[Date "2013.10.22"]
[Round "?"]
[White "Launhardt, Wolfgang"]
[Black "Borisovs, Leonids"]
[Result "1/2-1/2"]
[WhiteElo "2200"]
[BlackElo "2258"]
[PlyCount "49"]
[EventDate "2013.10.27"]
[EventType "tourn (corr)"]
[EventRounds "12"]
[EventCountry "GER"]
[SourceTitle "Corr 2022"]
[Source "ChessBase"]
[SourceDate "2021.10.24"]
[SourceVersion "1"]
[SourceVersionDate "2021.10.24"]
[SourceQuality "1"]

1. c4 e5 2. Nc3 Nf6 3. g3 d5 4. cxd5 Nxd5 5. Bg2 Nb6 6. Nf3 Nc6 7. 0-0 Be7 8. a3 0-0 9. d3 Be6 10. b4 a5 11. b5 Nd4 12. Be3 f6 13. Nd2 Rb8 14. Bxd4 exd4 15. Na4 Re8 16. Nxb6 cxb6 17. Qa4 Qd7 18. Rfc1 Rbc8 19. Rxc8 Rxc8 20. Nc4 Bc5 21. Qb3 g6 22. a4 Kg7 23. Rc1 Bb4 24. Qb1 Qf7 25. h4 1/2-1/2

[Event "WC-2013-Q-00010"]
[Site "LSS email"]
[Date "2013.10.22"]
[Round "?"]
[White "Meyner, Hannes"]
[Black "Launhardt, Wolfgang"]
[Result "1-0"]
[WhiteElo "2692"]
[BlackElo "2200"]
[PlyCount "65"]
[EventDate "2013.10.27"]
[EventType "tourn (corr)"]
[EventRounds "12"]
[EventCountry "GER"]
[SourceTitle "Corr 2022"]
[Source "ChessBase"]
[SourceDate "2021.10.24"]
[SourceVersion "1"]
[SourceVersionDate "2021.10.24"]
[SourceQuality "1"]

1. d4 Nf6 2. c4 d6 3. Nc3 g6 4. e4 Bg7 5. Nf3 c5 6. d5 Ng4 7. Be2 Bxc3+ 8. bxc3 Nd7 9. 0-0 Qa5 10. Nd2 h5 11. h3 Ngf6 12. Qc2 h4 13. a4 Nh5 14. Nf3 Ne5 15. Nxh4 Bd7 16. Nf3 0-0-0 17. Be3 f6 18. Rfb1 Kb8 19. Qb2 Nxf3+ 20. Bxf3 Qa6 21. Bg4 Bxg4 22. hxg4 Ng7 23. Ra3 Rh7 24. Rb3 Rd7 25. a5 e5 26. Rb5 Rh8 27. g5 f5 28. f4 exf4 29. Bxf4 fxe4 30. Qc2 Re8 31. Re1 Rde7 32. g4 Kc8 33. Bg3 1-0

[Event "CP-2013-P-00018"]
[Site "LSS email"]
[Date "2013.09.30"]
[Round "?"]
[White "Launhardt, Wolfgang"]
[Black "Pott, Brian"]
[Result "1-0"]
[WhiteElo "2198"]
[BlackElo "1856"]
[PlyCount "57"]
[EventDate "2013.10.01"]
[EventType "tourn (corr)"]
[EventRounds "6"]
[EventCountry "GER"]
[SourceTitle "Corr 2022"]
[Source "ChessBase"]
[SourceDate "2021.10.24"]
[SourceVersion "1"]
[SourceVersionDate "2021.10.24"]
[SourceQuality "1"]

1. d4 Nf6 2. c4 g6 3. Nc3 Bg7 4. Nf3 0-0 5. Bg5 d6 6. e3 Nbd7 7. Qc2 c6 8. Be2 e5 9. Rd1 Qc7 10. 0-0 Re8 11. dxe5 dxe5 12. Nd2 Nf8 13. b4 Ne6 14. Bxf6 Bxf6 15. c5 Rd8 16. Nc4 Be7 17. Ne4 b5 18. Na5 f5 19. Nd6 Kg7 20. f4 exf4 21. Bf3 Bxd6 22. Nxc6 Bxc5 23. bxc5 Rxd1 24. Rxd1 Bb7 25. Rd6 Ng5 26. Qb2+ Kh6 27. Qe5 Nxf3+ 28. gxf3 Kh5 29. Nd4 1-0